Tổng tập văn học dân gian xứ Huế

Sách khái lược về truyện cười, truyện trạng và giai thoại xứ Huế.

Gespeichert in:
Bibliographische Detailangaben
1. Verfasser: Triều Nguyên
Format: Buch
Sprache:Undetermined
Veröffentlicht: Hà Nội Nxb. Đại học Quốc gia Hà Nội 2010
Schlagworte:
Tags: Tag hinzufügen
Keine Tags, Fügen Sie den ersten Tag hinzu!
Thư viện lưu trữ: Trung tâm Học liệu Trường Đại học Cần Thơ
LEADER 00725nam a2200193Ia 4500
001 CTU_167685
008 210402s9999 xx 000 0 und d
082 |a 398.20959749 
082 |b Tr309/T.2 
100 |a Triều Nguyên 
245 0 |a Tổng tập văn học dân gian xứ Huế 
245 0 |c Triều Nguyên 
260 |a Hà Nội 
260 |b Nxb. Đại học Quốc gia Hà Nội 
260 |c 2010 
520 |a Sách khái lược về truyện cười, truyện trạng và giai thoại xứ Huế. 
650 |a Folk literature, vietnamese,Văn học dân gian Việt Nam 
904 |i Trọng Hải 
980 |a Trung tâm Học liệu Trường Đại học Cần Thơ